Playhouse Disney/Disney Junior Shows by Location - Statistics

General Stats
  • This quiz has been taken 50 times
  • The average score is 7 of 15
Answer Stats
Hint Answer % Correct
McStuffinsville Doc McStuffins
70%
The Hundred Acre Wood My Friends Tigger and Pooh
70%
Wiggle Town The Wiggles
65%
Neverland Jake and the Neverland Pirates
60%
Clubhouse Mickey Mouse Clubhouse
60%
Avalor Elena of Avalor
55%
Circus Town JoJo's Circus
50%
The Octopod Octonauts
40%
Planet Polie Rolie Polie Olie
40%
Enchancia Sofia the First
40%
Idea Warehouse Imagination Movers
35%
Nice and Friendly Corners Sheriff Callie's Wild West
30%
Woodland Valley Bear in the Big Blue House
25%
Sheetrock Hills Handy Manny
25%
Pennsyvania Vampirina
25%
No matching quizzes found
Score Distribution
Percent of People with Each Score
Percentile by Number Answered
Your Score History
You have not taken this quiz